000 00885nam a2200181Ia 4500
008 090124s9999 xx 000 0 und d
082 _b24474
_a629
100 _aगाडगीळ अमरेंद्र लक्ष्मण
245 _a श्रीमद् वाल्मिकी रामायण (श्रीराम कोश आवृत्ती)
250 _a1
260 _c1982
300 _a28+4+898
600 _aगाडगीळ अमरेंद्र लक्ष्मण
630 _a श्रीमद् वाल्मिकी रामायण (श्रीराम कोश आवृत्ती)
700 _aगाडगीळ अमरेंद्र लक्ष्मण
730 _a श्रीमद् वाल्मिकी रामायण (श्रीराम कोश आवृत्ती)
942 _cBOOK
999 _c138032
_d138032